000 00405nam a22001697a 4500
005 20160620153140.0
008 160620b xxu||||| |||| 00| 0 eng d
020 _a978-0-07-0620-30-8
041 _aeng
082 _b8586
100 _aKoontz, Harold and Weihriel, Heinz
_92342
245 _aEssential of Management
260 _bTMH
_c2007
300 _a446
650 _aManagement
_9241
942 _cBK
999 _c3309
_d3308